|
|
|
|
| LEADER |
01432nam a2200301 a 4500 |
| 001 |
540 |
| 003 |
BD-DhAAL |
| 008 |
090614t19601972nyua b 001 0 eng d |
| 010 |
|
|
|a 79142968
|
| 020 |
|
|
|a 0070326797
|
| 040 |
|
|
|a DLC
|c DLC
|d DLC
|d BD-DhAAL
|
| 082 |
0 |
0 |
|a 330.0182
|
| 100 |
1 |
|
|a Johnston, J.
|q (John),
|d 1923-
|9 54062
|
| 245 |
1 |
0 |
|a Econometric methods /
|c J. Johnston.
|
| 250 |
|
|
|a Second edition.
|
| 260 |
|
|
|a New York :
|b McGraw-Hill,
|c c1960, 1972.
|
| 300 |
|
|
|a x, 437 pages :
|b illustrations ;
|c 24 cm.
|
| 504 |
|
|
|a Includes bibliographical references.
|
| 541 |
1 |
|
|a Donated By Akbar Ali Khan
Complimentary copy from Professor Dr. Nasreen Khundker
|e 540, 41131, 42037
|
| 650 |
|
0 |
|a Econometrics.
|
| 650 |
|
0 |
|a Mathematical statistics.
|
| 650 |
|
0 |
|a Economics.
|
| 852 |
4 |
|
|a Ayesha Abed Library
|c General Stacks
|
| 942 |
|
|
|2 ddc
|c BK
|
| 999 |
|
|
|c 1649
|d 1649
|
| 952 |
|
|
|0 0
|1 0
|2 ddc
|4 0
|6 330_018200000000000_JOH
|7 0
|9 1514
|a BRACUL
|b BRACUL
|c GEN
|d 2009-06-28
|g 1715.50
|l 1
|m 1
|o 330.0182 JOH
|p 3010000540
|r 2022-04-12
|s 2022-03-30
|t 1
|w 2009-06-28
|y BK
|
| 952 |
|
|
|0 0
|1 0
|2 ddc
|4 0
|6 330_018200000000000_JOH
|7 1
|9 73556
|a BRACUL
|b BRACUL
|c AAKC
|d 2023-04-16
|e Donated By Akbar Ali Khan
|l 0
|o 330.0182 JOH
|p 3010041131
|r 2025-09-01
|t 2
|w 2023-04-16
|y BK
|
| 952 |
|
|
|0 0
|1 0
|2 ddc
|4 0
|6 330_018200000000000_JOH
|7 0
|9 74929
|a BRACUL
|b BRACUL
|c GEN
|d 2024-01-10
|e Complimentary copy from Professor Dr. Nasreen Khundker
|l 0
|o 330.0182 JOH
|p 3010042037
|r 2024-01-10
|t 1
|w 2024-01-10
|y BK
|